Paraneoplastic syndrome caused by rectal tumor case presentation - reading lesson /
Elmentve itt :
| Szerzők: | |
|---|---|
| Dokumentumtípus: | Tanítási erőforrás |
| Megjelent: |
2020
|
| Kulcsszavak: | rákbetegség bél daganatok |
| Tárgyszavak: | |
| Online Access: | http://eta.bibl.u-szeged.hu/5514 |
| LEADER | 00795nnm a2200241 i 4500 | ||
|---|---|---|---|
| 001 | eta5514 | ||
| 005 | 20210408112752.0 | ||
| 008 | 210408s2020 hu o 0|| eng d | ||
| 040 | |a SZTE Elektronikus Tananyag Archívum |b hun | ||
| 041 | |a eng | ||
| 100 | 1 | |a Varga Linda | |
| 245 | 1 | 0 | |a Paraneoplastic syndrome caused by rectal tumor |h [elektronikus dokumentum] : |b case presentation - reading lesson / |c Varga Linda |
| 260 | |c 2020 | ||
| 300 | |a 11 | ||
| 516 | |a Teaching_resource | ||
| 650 | 4 | |a Orvos- és egészségtudomány | |
| 650 | 4 | |a Klinikai orvostan | |
| 650 | 4 | |a Onkológia | |
| 695 | |a rákbetegség | ||
| 695 | |a bél | ||
| 695 | |a daganatok | ||
| 700 | 0 | 1 | |a Fábián Gabriella |e aut |
| 856 | 4 | 0 | |u https://eta.bibl.u-szeged.hu/5514/1/olvasolecke_eng_doc_colon_VargaL_FINAL.pdf |z Dokumentum-elérés |